000 01696nam a2200409 i 4500
001 ebr10928968
003 CaPaEBR
006 m o d
007 cr cn|||||||||
008 140916s2006 enkad ob 001 0 eng|d
020 _z9781843391272
020 _a9781780405315 (e-book)
040 _aCaPaEBR
_beng
_erda
_epn
_cCaPaEBR
035 _a(OCoLC)893682308
050 1 4 _aTD885
_b.W37 2006eb
245 0 0 _aWaste gas treatment for resource recovery /
_cedited by Piet N.L. Lens [and three others].
264 1 _aLondon :
_bIWA Publishing,
_c2006.
300 _a1 online resource (510 pages) :
_billustrations.
336 _atext
_2rdacontent
337 _acomputer
_2rdamedia
338 _aonline resource
_2rdacarrier
490 1 _aIntegrated environmental technology series
504 _aIncludes bibliographical references and index.
588 _aDescription based on online resource; title from PDF title page (ebrary, viewed September 16, 2014).
590 _aElectronic reproduction. Palo Alto, Calif. : ebrary, 2014. Available via World Wide Web. Access may be limited to ebrary affiliated libraries.
650 0 _aWaste gases
_xEnvironmental aspects.
650 0 _aAir quality management.
650 0 _aResource recovery facilities.
650 0 _aNatural gas
_xEnvironmental aspects.
650 0 _aAir
_xPollution.
650 0 _aAir quality
_xStandards.
655 0 _aElectronic books.
700 1 _aLens, P. N. L.
_q(Piet N. L.),
_eeditor.
797 2 _aebrary.
830 0 _aIntegrated environmental technology series.
856 4 0 _uhttp://site.ebrary.com/lib/rucke/Doc?id=10928968
_zAn electronic book accessible through the World Wide Web; click to view
999 _c75834
_d75834